| Tag |
First Indicator |
Second Indicator |
Subfields |
| LEADER |
00000nam a2200000Ia 4500 |
| 001 |
in00004201664 |
| 005 |
20200806090645.0 |
| 006 |
m g d |
| 007 |
cr bn |||a|bb| |
| 008 |
080501s1705 enk o 000 0 eng d |
| 040 |
|
|
|a UMI
|e dcrb
|c UMI
|
| 035 |
|
|
|a (OCoLC)226855269
|
| 037 |
|
|
|a CL2105000002
|b ProQuest Information and Learning, 789 E. Eisenhower Parkway, Ann Arbor, MI 48108-3218
|
| 043 |
|
|
|a e-uk-en
|
| 045 |
|
|
|a v-v-
|
| 090 |
|
|
|a HF6161
|b .I6
|
| 049 |
|
|
|a UMIA
|
| 245 |
0 |
0 |
|a [Assurance] :
|b October. 1705. Above eight hundred and fifty have already subscribed to the Perpetual Assurance Office ...
|
| 260 |
|
|
|a [London :
|b publisher not identified,
|c 1705]
|
| 300 |
|
|
|a 1 online resource (1 sheet ([2] pages).
|
| 336 |
|
|
|a text
|b txt
|2 rdacontent
|
| 337 |
|
|
|a computer
|b c
|2 rdamedia
|
| 338 |
|
|
|a online resource
|b cr
|2 rdacarrier
|
| 500 |
|
|
|a Place of publication conjectured by cataloger.
|
| 500 |
|
|
|a Verso of sheet (E4:2[24]) contains a publisher's list: Books printed for John Hartley in Holborn.
|
| 500 |
|
|
|a Imperfect: first word of title over-written by hand.
|
| 500 |
|
|
|a Reproduction of original in: British Library.
|
| 510 |
4 |
|
|a Early English books tract supplement interim guide ;
|c E4:2[78].
|
| 533 |
|
|
|a Electronic reproduction.
|b Ann Arbor, Mich. :
|c UMI,
|d 1999-
|f (Early English books online)
|n Digital version of: (Early English books; Tract supplement ; E4:2[23b, 24])
|7 s1999 miun s
|
| 650 |
|
0 |
|a Advertising
|z Insurance
|z England
|v Early works to 1800.
|
| 655 |
|
0 |
|a Advertising fliers
|z England
|y 18th century.
|
| 650 |
|
0 |
|a Publishers and publishing
|z England
|z London
|v Early works to 1800.
|
| 700 |
1 |
|
|a Hartley, John,
|d fl. 1697-1709.
|
| 740 |
0 |
2 |
|a Books printed for John Hartley in Holborn.
|
| 830 |
|
0 |
|a Early English books online.
|
| 856 |
4 |
0 |
|u http://proxy.library.tamu.edu/login?url=https://search.proquest.com/docview/2240886684
|z Connect to the full text of this electronic book
|t 0
|
| 994 |
|
|
|a 02
|b UMI
|
| 999 |
f |
f |
|s 9a20a045-81b6-33ec-a441-421203190697
|i 89fcf54e-3a82-3937-9009-97bbb20eb6e4
|t 0
|
| 952 |
f |
f |
|a Texas A&M University
|b College Station
|c Electronic Resources
|d Available Online
|t 0
|e HF6161 .I6
|h Library of Congress classification
|
| 998 |
f |
f |
|a HF6161 .I6
|t 0
|l Available Online
|